| 000 | 00896nam a22002415i 4500 | ||
|---|---|---|---|
| 001 | 168842 | ||
| 003 | ES-MaACL | ||
| 005 | 20240825063042.0 | ||
| 008 | 080613s1960 sz |||| | fra d | ||
| 080 | _a211.5 | ||
| 100 | 1 |
_aRussell, Bertrand, _d1872-1970 _9101033 |
|
| 245 | 1 | 0 |
_aPourquoi je ne suis pas chrétien et autres textes / _cBertrand Russell ; traduction de Guy Le Clech ; avant-propos de Louis Rougier et une étude de Paul Edwards. |
| 260 |
_a[S.l.] : _bJean-Jacques Pauvert, _c[1960] |
||
| 300 |
_a177 p. ; _c18 cm. |
||
| 490 | 1 |
_aLibertés ; _v11 |
|
| 650 | 1 | 4 |
_aLibrepensamiento. _914423 |
| 700 | 1 |
_aLe Clech, Guy. _9137965 |
|
| 700 | 1 |
_aRougier, Louis. _9100019 |
|
| 700 | 1 |
_aEdwards, Paul. _9137966 |
|
| 830 | 0 |
_aLibertés ; _v11 _9185155 |
|
| 852 |
_aES-MaACL _jE-12176 _9R.190407 _z.- Biblioteca Jacinto Martínez Lacalle |
||
| 999 |
_c168842 _d168842 |
||